000 01022nam0a22002891 4500
001 rc\783392
005 20171122133409.0
035 _a(NLR Aleph) 006309179
090 _a7333236
_c7333236
100 _a20040301d1984 u |0rusy50 ca
101 0 _arus
102 _aRU
105 _ay |||||||||
200 1 _aО сумме ряда Ватсона в дифракционном приближении
210 _aДубна
_cОИЯИ
_d1984 (вып. дан. 1985)
215 _a8 с.
_d21
225 1 _aПрепринт
_fОбъед. ин-т ядер. исслед.
_vР4-84-814
300 _aРез. на англ. яз.
320 _aБиблиогр.: с. 7
700 1 _aБеляев
_bВ. Б.
_cд-р физ.-мат. наук, ядерная физика
_f1933-2015
_gВладимир Борисович
_3RU\NLR\AUTH\7714250
701 1 _aРакитянский
_bС. А.
801 0 _aRU
_bNLR
_gpsbo
801 1 _aRU
_bELAR
_2rusmarc
852 _aNLR
_j85-6/4926
942 _cBOOK
980 _aNB